• Pedro Nolasco,

di Personal Name

Records bibliografici associati: 3

001 - CONTROL NUMBER

  • control field: 5842

003 - CONTROL NUMBER IDENTIFIER

  • control field: IT-RoINE

005 - DATE AND TIME OF LATEST TRANSACTION

  • control field: 20140408161110.0

008 - FIXED-LENGTH DATA ELEMENTS

  • fixed length control field: 140408|| aca||aabn | a|a d

040 ## - CATALOGING SOURCE

  • Original cataloging agency: IT-RoINE
  • Transcribing agency: IT-RoINE

100 ## - HEADING--PERSONAL NAME

  • Personal name: Pedro Nolasco,
  • Titles and other words associated with a name: Santo,
  • Dates associated with a name: ca. 1180-1249
  • General subdivision: Biografía

670 ## - SOURCE DATA FOUND

  • Source citation: Work cat.: (IT-RoINE)0: Pronzato, Alessandro, 3679 1932-, Un mercante di libertà :, c1986.